<?xml version="1.0" encoding="UTF-8"?>
<record
    xmlns:xsi="http://www.w3.org/2001/XMLSchema-instance"
    xsi:schemaLocation="http://www.loc.gov/MARC21/slim http://www.loc.gov/standards/marcxml/schema/MARC21slim.xsd"
    xmlns="http://www.loc.gov/MARC21/slim">

  <leader>00940nam a22002177a 4500</leader>
  <controlfield tag="005">20111201152344.0</controlfield>
  <datafield tag="010" ind1=" " ind2=" ">
    <subfield code="a">B-454766</subfield>
  </datafield>
  <datafield tag="020" ind1=" " ind2=" ">
    <subfield code="a">9788179932094</subfield>
    <subfield code="c">155.00</subfield>
  </datafield>
  <datafield tag="035" ind1=" " ind2=" ">
    <subfield code="a">B-454766</subfield>
  </datafield>
  <datafield tag="037" ind1=" " ind2=" ">
    <subfield code="a">Blue Berry/Ven</subfield>
    <subfield code="b">DPL</subfield>
  </datafield>
  <datafield tag="082" ind1=" " ind2=" ">
    <subfield code="a">333.7923</subfield>
  </datafield>
  <datafield tag="100" ind1=" " ind2=" ">
    <subfield code="a">Syngkon Nongpluh, Yoofisaca.</subfield>
    <subfield code="9">45354</subfield>
  </datafield>
  <datafield tag="245" ind1=" " ind2=" ">
    <subfield code="a">Solar Power :</subfield>
    <subfield code="b">powering the future /</subfield>
    <subfield code="c">by Yoofisaca, Syngkon Nongpluh.</subfield>
  </datafield>
  <datafield tag="260" ind1=" " ind2=" ">
    <subfield code="a">New Delhi</subfield>
    <subfield code="b">Teri Press</subfield>
    <subfield code="c">2008</subfield>
  </datafield>
  <datafield tag="270" ind1=" " ind2=" ">
    <subfield code="a">Darbari Seth Block, IHC Complex, Lodhi Road</subfield>
    <subfield code="b">New Delhi</subfield>
    <subfield code="e">110003</subfield>
  </datafield>
  <datafield tag="300" ind1=" " ind2=" ">
    <subfield code="a">30p.</subfield>
    <subfield code="b">col.ill</subfield>
    <subfield code="c">28cm. (Hb)</subfield>
  </datafield>
  <datafield tag="490" ind1=" " ind2=" ">
    <subfield code="a">Future Power Energy</subfield>
    <subfield code="9">45355</subfield>
  </datafield>
  <datafield tag="942" ind1=" " ind2=" ">
    <subfield code="2">ddc</subfield>
    <subfield code="c">CH</subfield>
    <subfield code="m">SYN</subfield>
    <subfield code="h">333.7923</subfield>
  </datafield>
  <datafield tag="999" ind1=" " ind2=" ">
    <subfield code="c">58890</subfield>
    <subfield code="d">58890</subfield>
  </datafield>
  <datafield tag="952" ind1=" " ind2=" ">
    <subfield code="0">0</subfield>
    <subfield code="1">0</subfield>
    <subfield code="4">0</subfield>
    <subfield code="7">0</subfield>
    <subfield code="8">NFIC</subfield>
    <subfield code="a">ZLS</subfield>
    <subfield code="b">ZLS</subfield>
    <subfield code="d">2012-04-19</subfield>
    <subfield code="e">Blue Berry/7182/31.10.2011/83/21.03.2011/30.11.2011</subfield>
    <subfield code="g">155.00</subfield>
    <subfield code="l">0</subfield>
    <subfield code="o">333.7923 SYN</subfield>
    <subfield code="p">B-454766</subfield>
    <subfield code="r">2012-04-19 00:00:00</subfield>
    <subfield code="t">01</subfield>
    <subfield code="v">155.00</subfield>
    <subfield code="w">2012-04-19</subfield>
    <subfield code="y">CH</subfield>
  </datafield>
</record>
